000 00709nam a2200217Ii 4500
003 JO-AjNU
008 230605s9999||||xx |||||||||||||| ||und||
017 _a2003/3594
020 _a99901-15-17-6
040 _aJO-AjNU
_bara
_erda
_cJO-AjNU
041 _aara
050 1 4 _aKMF1210.S43.2003
100 3 _aالشاعر، رمزي,
_eauthor
_953167
245 0 0 _aالقضاء الدستوري في مملكة البحرين
264 3 1 _aالبحرين : جامعة البحرين ، 2003
300 _a526ص
336 _atext
_btxt
_2rdacontent
337 _aunmediated
_bn
_2rdamedia
338 _avolume
_bnc
_2rdacarrier
650 4 _aالقضاء الدستوري -- مملكة البحرين
_953168
999 _aA23596
_c27164
_d27164